<?xml version="1.0" encoding="UTF-8"?>
<record
    xmlns:xsi="http://www.w3.org/2001/XMLSchema-instance"
    xsi:schemaLocation="http://www.loc.gov/MARC21/slim http://www.loc.gov/standards/marcxml/schema/MARC21slim.xsd"
    xmlns="http://www.loc.gov/MARC21/slim">

  <leader>01221nam a22002777a 4500</leader>
  <controlfield tag="005">20240530110431.0</controlfield>
  <controlfield tag="008">150226s2011    ua b   g      000 0 ara d</controlfield>
  <datafield tag="017" ind1=" " ind2=" ">
    <subfield code="a">2010/16045</subfield>
    <subfield code="b">&#x645;&#x635;&#x631; . &#x62F;&#x627;&#x631; &#x627;&#x644;&#x643;&#x62A;&#x628; &#x627;&#x644;&#x645;&#x635;&#x631;&#x64A;&#x629;</subfield>
  </datafield>
  <datafield tag="020" ind1=" " ind2=" ">
    <subfield code="a">9789773502845</subfield>
  </datafield>
  <datafield tag="040" ind1=" " ind2=" ">
    <subfield code="a">EG-CaGPL</subfield>
  </datafield>
  <datafield tag="041" ind1="0" ind2=" ">
    <subfield code="a">ara</subfield>
  </datafield>
  <datafield tag="082" ind1="0" ind2="4">
    <subfield code="2">21</subfield>
    <subfield code="a">940.54\</subfield>
    <subfield code="b">&#x645; &#x646;</subfield>
  </datafield>
  <datafield tag="100" ind1="0" ind2=" ">
    <subfield code="a">&#x645;&#x62D;&#x645;&#x62F; &#x62D;&#x633;&#x646; &#x627;&#x644;&#x639;&#x64A;&#x62F;&#x631;&#x648;&#x633;</subfield>
  </datafield>
  <datafield tag="245" ind1="1" ind2="2">
    <subfield code="a">&#x627;&#x644;&#x646;&#x635;&#x631; &#x648; &#x627;&#x644;&#x647;&#x632;&#x64A;&#x645;&#x629; &#x641;&#x649; &#x627;&#x644;&#x645;&#x639;&#x627;&#x631;&#x643; &#x627;&#x644;&#x643;&#x628;&#x631;&#x649; :</subfield>
    <subfield code="b">&#x627;&#x644;&#x641;&#x643;&#x631; &#x627;&#x644;&#x639;&#x633;&#x643;&#x631;&#x649; &#x627;&#x644;&#x627;&#x633;&#x62A;&#x631;&#x627;&#x62A;&#x64A;&#x62C;&#x649; &#x641;&#x649; &#x627;&#x644;&#x647;&#x62C;&#x648;&#x645; &#x648; &#x627;&#x644;&#x62F;&#x641;&#x627;&#x639; : &#x631;&#x648;&#x645;&#x644; &#x648; &#x627;&#x644;&#x627;&#x646;&#x633;&#x62D;&#x627;&#x628; &#x627;&#x644;&#x639;&#x638;&#x64A;&#x645; &#x645;&#x646; &#x627;&#x644;&#x639;&#x644;&#x645;&#x64A;&#x646; &#x627;&#x644;&#x649; &#x62A;&#x648;&#x646;&#x633; &#x646;&#x648;&#x641;&#x645;&#x628;&#x631; 1942 /</subfield>
    <subfield code="c">&#x645;&#x62D;&#x645;&#x62F; &#x62D;&#x633;&#x646; &#x627;&#x644;&#x639;&#x64A;&#x62F;&#x631;&#x648;&#x633;</subfield>
  </datafield>
  <datafield tag="250" ind1=" " ind2=" ">
    <subfield code="a">&#x637;1</subfield>
  </datafield>
  <datafield tag="260" ind1=" " ind2=" ">
    <subfield code="a">&#x627;&#x644;&#x642;&#x627;&#x647;&#x631;&#x629; :</subfield>
    <subfield code="b">&#x62F;&#x627;&#x631; &#x627;&#x644;&#x643;&#x62A;&#x627;&#x628; &#x627;&#x644;&#x62D;&#x62F;&#x64A;&#x62B; &#x60C;</subfield>
    <subfield code="c">2011</subfield>
  </datafield>
  <datafield tag="300" ind1=" " ind2=" ">
    <subfield code="a">285 &#x635; :</subfield>
    <subfield code="b">&#x62E;&#x631;&#x627;&#x626;&#x637; &#x61B;</subfield>
    <subfield code="c">24 &#x633;&#x645;</subfield>
  </datafield>
  <datafield tag="490" ind1=" " ind2=" ">
    <subfield code="a">&#x627;&#x644;&#x645;&#x648;&#x633;&#x648;&#x639;&#x629; &#x627;&#x644;&#x639;&#x633;&#x643;&#x631;&#x64A;&#x629; &#x627;&#x644;&#x62A;&#x627;&#x631;&#x64A;&#x62E;&#x64A;&#x629;</subfield>
  </datafield>
  <datafield tag="600" ind1="0" ind2="4">
    <subfield code="a">&#x631;&#x648;&#x645;&#x644;</subfield>
    <subfield code="x">&#x62A;&#x627;&#x631;&#x64A;&#x62E; &#x627;&#x644;&#x639;&#x633;&#x643;&#x631;&#x649;</subfield>
  </datafield>
  <datafield tag="650" ind1="0" ind2="4">
    <subfield code="a">&#x645;&#x639;&#x631;&#x643;&#x629; &#x627;&#x644;&#x639;&#x644;&#x645;&#x64A;&#x646;</subfield>
  </datafield>
  <datafield tag="650" ind1="0" ind2="4">
    <subfield code="a">&#x645;&#x639;&#x631;&#x643;&#x629; &#x637;&#x628;&#x631;&#x642;</subfield>
  </datafield>
  <datafield tag="650" ind1="0" ind2="4">
    <subfield code="a">&#x645;&#x635;&#x631;</subfield>
    <subfield code="x">&#x62A;&#x627;&#x631;&#x64A;&#x62E;</subfield>
    <subfield code="y">&#x627;&#x644;&#x639;&#x635;&#x631; &#x627;&#x644;&#x62D;&#x62F;&#x64A;&#x62B;</subfield>
  </datafield>
  <datafield tag="651" ind1="0" ind2="4">
    <subfield code="a">&#x627;&#x641;&#x631;&#x64A;&#x642;&#x64A;&#x627;</subfield>
    <subfield code="x">&#x627;&#x644;&#x62D;&#x631;&#x628; &#x627;&#x644;&#x639;&#x627;&#x644;&#x645;&#x64A;&#x629; &#x627;&#x644;&#x62B;&#x627;&#x646;&#x64A;&#x629;</subfield>
  </datafield>
  <datafield tag="942" ind1=" " ind2=" ">
    <subfield code="2">ddc</subfield>
    <subfield code="c">BK</subfield>
  </datafield>
  <datafield tag="999" ind1=" " ind2=" ">
    <subfield code="c">60855</subfield>
    <subfield code="d">60855</subfield>
  </datafield>
  <datafield tag="952" ind1=" " ind2=" ">
    <subfield code="0">0</subfield>
    <subfield code="1">0</subfield>
    <subfield code="4">0</subfield>
    <subfield code="7">0</subfield>
    <subfield code="a">CAI</subfield>
    <subfield code="b">CAI</subfield>
    <subfield code="d">2015-04-01</subfield>
    <subfield code="l">0</subfield>
    <subfield code="o">940.54\ &#x645; &#x646;</subfield>
    <subfield code="p">160032</subfield>
    <subfield code="r">2015-04-01 00:00:00</subfield>
    <subfield code="w">2015-04-01</subfield>
    <subfield code="y">BK</subfield>
  </datafield>
</record>
